Welcome to CU Library Online Public Access Catalogue (OPAC)

Technical sketching with an introduction to 2D and 3D CAD : (Record no. 8061)

MARC details
000 -LEADER
fixed length control field 00856cam a22002534a 4500
001 - CONTROL NUMBER
control field 14313676
005 - DATE AND TIME OF LATEST TRANSACTION
control field 20251105130004.0
008 - FIXED-LENGTH DATA ELEMENTS--GENERAL INFORMATION
fixed length control field 060324s2007 njua 001 0 eng
020 ## - INTERNATIONAL STANDARD BOOK NUMBER
International Standard Book Number 0132432781
Qualifying information paper
020 ## - INTERNATIONAL STANDARD BOOK NUMBER
International Standard Book Number 9780132432788
Qualifying information paper
050 00 - LIBRARY OF CONGRESS CALL NUMBER
Classification number T359
Item number .B47 2007
082 00 - DEWEY DECIMAL CLASSIFICATION NUMBER
Classification number 604.2
Edition information 22
100 1# - MAIN ENTRY--PERSONAL NAME
Personal name Besterfield, Dale H.
245 10 - TITLE STATEMENT
Title Technical sketching with an introduction to 2D and 3D CAD :
Remainder of title for engineers, technologists, and technicians /
Statement of responsibility, etc. Dale H. Besterfield, Robert E. O'Hagan.
250 ## - EDITION STATEMENT
Edition statement 4th ed.
260 ## - PUBLICATION, DISTRIBUTION, ETC.
Place of publication, distribution, etc. Upper Saddle River, N.J. :
Name of publisher, distributor, etc. Pearson Prentice Hall,
Date of publication, distribution, etc. c2007.
300 ## - PHYSICAL DESCRIPTION
Extent xi, 445 p. :
Other physical details ill. ;
Dimensions 28 cm.
500 ## - GENERAL NOTE
General note Includes index.
500 ## - GENERAL NOTE
General note Previous ed.: 1998.
650 #0 - SUBJECT ADDED ENTRY--TOPICAL TERM
Topical term or geographic name entry element Freehand technical sketching.
650 #0 - SUBJECT ADDED ENTRY--TOPICAL TERM
Topical term or geographic name entry element Computer-aided design.
700 1# - ADDED ENTRY--PERSONAL NAME
Personal name O'Hagan, Robert E.
942 ## - ADDED ENTRY ELEMENTS (KOHA)
Source of classification or shelving scheme Library of Congress Classification
Koha item type Books
Edition 4th ed.
Suppress in OPAC No
999 ## -
-- 8061
-- 8061
Holdings
Withdrawn status Lost status Source of classification or shelving scheme Damaged status Not for loan Collection Home library Current library Shelving location Date acquired Total checkouts Full call number Barcode Date last seen Copy number Price effective from Koha item type
    Library of Congress Classification     Non-fiction Science Library (Miotso) Science Library (Miotso) General stacks 11/05/2025   T359 .B47 BES SLM00005363 11/05/2025 1 11/05/2025 Books
© 2023-2024 Copyright: Central University Libraries. All Rights Reserved | Created by: Mahone Tech Office